Prema Sai Avatar Part III: (Record no. 211458)

MARC details
000 -LEADER
fixed length control field 00608nam a22001937a 4500
005 - DATE AND TIME OF LATEST TRANSACTION
control field 20250530103410.0
010 ## - LCCN (DPL NO)
LC control number ENG-145036
020 ## - INTERNATIONAL STANDARD BOOK NUMBER
Terms of availability 270.00
International Standard Book Number 9789381008546
035 ## - SYSTEM CONTROL NUMBER
System control number EN-128568
037 ## - SOURCE OF ACQUISITION
Source of stock number/acquisition DBAD
082 ## - DEWEY DECIMAL CLASSIFICATION NUMBER
Classification number 230.5
100 ## - MAIN ENTRY--PERSONAL NAME
Personal name Sai, Vasantha
245 ## - TITLE STATEMENT
Title Prema Sai Avatar Part III:
Remainder of title Sai Digest/
Statement of responsibility, etc Vasantha Sai
260 ## - PUBLICATION, DISTRIBUTION, ETC. (IMPRINT)
Place of publication, distribution, etc Tamil Nadu
Name of publisher, distributor, etc Mukthi Nilayam
Date of publication, distribution, etc 2008
270 ## - ADDRESS
Address Royapalayam Village B.O. Tirumangalam S.O. Madurai-Virudhunagar Road, Madurai Dt.
City Tamil Nadu
Postal code 625706
300 ## - PHYSICAL DESCRIPTION
Extent 251p.:
Dimensions 24cm(pb)
490 ## - SERIES STATEMENT
Volume number/sequential designation Part 3
942 ## - ADDED ENTRY ELEMENTS (KOHA)
Source of classification or shelving scheme Dewey Decimal Classification
Item type English Books
Classification part 230.5
Call number suffix SAI

No items available.


© Delhi Public Library
Hit Counter
free hit counter